« Retourner aux résultats de recherche
Popy la tornade
| Auteur principal: | Stéphanie Richard |
|---|---|
| D'autres auteurs: | Joëlle Dreidemy |
| Support: | Livres |
| Langue: | Francais |
| Publié: |
DL 2015 Editions Sarbacane [Paris] |
| Genre: |
Roman enfant |
| Collection: |
Pépix |
| Sujets: | |
| Étiquettes: |
Ajouter
Pas de Tags !
|
| LEADER | 01009nam0a2200217 450 | ||
|---|---|---|---|
| 001 | 16821979 | ||
| 010 | |a 978-2-84865-743-1 |b br. |d 10,9 | ||
| 100 | |a 20150113d2026 u u0frey01 ba | ||
| 101 | 0 | |a fre | |
| 102 | |a FR | ||
| 200 | 0 | |a Popy la tornade |f Stéphanie Richard |g illustrations de Joëlle Dreidemy | |
| 207 | 1 | |a | |
| 210 | |a [Paris] |c Editions Sarbacane |d DL 2015 | ||
| 215 | |a 1 vol. (201 p.) |c ill. |d 21 cm | ||
| 225 | 1 | |a Pépix | |
| 330 | |a Popy a 10 ans, un papa, une maman, un frère, deux soeurs et un tas de belles-mères. Mais surtout, Popy a un secret. Elle a... un super pouvoir ! Un truc incroyable (pour savoir ce que c'est, t'a qu'à lire le livre ! !). D'ailleurs, ça fait des jaloux et des lettres anonymes commencent à circuler autour d'elle... | ||
| 700 | 0 | |a Richard |b Stéphanie |f 1973-.... |4 70 | |
| 702 | 0 | |a Dreidemy |b Joëlle |4 440 | |
| 900 | |a Roman enfant | ||
| 901 | |a Accessible au prêt | ||
| 995 | |a Bibliothèque |c Bibliothèque |f 024016056 |h 024016056 |k E C3 RIC |o p |q j |r az |e Bibliothèque | ||
